[Event "Hampshire Open"]
[Site "Eastleigh"]
[Date "2007.11.03"]
[Round "3"]
[White "Cordner, David A"]
[Black "Corkett, Anthony R"]
[Result "1-0"]
[WhiteElo "2040"]
[BlackElo "2312"]
[PlyCount "69"]
[EventDate "2007.11.02"]
[EventType "swiss"]
[EventRounds "6"]
[EventCountry "ENG"]
[SourceTitle "BritBase"]
[Source "John Saunders"]
[SourceDate "2025.01.31"]
[SourceVersion "1"]
[SourceVersionDate "2025.01.31"]
[SourceQuality "1"]

1. d4 d5 2. c4 e6 3. Nc3 Be7 4. Nf3 a6 5. e4 dxe4 6. Nxe4 Nf6 7. Bd3 Nc6 8. Bc2 Nb4 9. Bb1 Nxe4 10. Bxe4 c5 11. a3 Nc6 12. d5 exd5 13. cxd5 Na7 14. O-O Nb5 15. Re1 O-O 16. Qe2 Bf6 17. Be3 b6 18. Qd3 g6 19. d6 Ra7 20. Rad1 Rd7 21. Bf4 c4 22. Qc2 c3 23. a4 Nxd6 24. Bc6 Nb7 25. Bxd7 Bxd7 26. Ne5 Bxe5 27. Bxe5 cxb2 28. Qxb2 Nc5 29. Bf6 Qc8 30. Qd2 Qc6 31. Be7 Re8 32. Bxc5 Rxe1+ 33. Qxe1 bxc5 34. Qe7 Be6 35. Qf6 1-0

[Event "Hampshire Open"]
[Site "Eastleigh"]
[Date "2007.11.03"]
[Round "3"]
[White "Davies, Edward G"]
[Black "Williams, Peter Arthur"]
[Result "0-1"]
[WhiteElo "1504"]
[BlackElo "1816"]
[PlyCount "162"]
[EventDate "2007.11.02"]
[EventType "swiss"]
[EventRounds "6"]
[EventCountry "ENG"]
[SourceTitle "BritBase"]
[Source "John Saunders"]
[SourceDate "2025.01.31"]
[SourceVersion "1"]
[SourceVersionDate "2025.01.31"]
[SourceQuality "1"]

1. e4 e6 2. b3 d5 3. exd5 Qxd5 4. Bb2 Qd8 5. g3 Bd7 6. Bg2 Bc6 7. Bxc6+ Nxc6 8. Nf3 Nf6 9. Nc3 Be7 10. Qe2 O-O 11. O-O-O Nd5 12. h4 Bf6 13. Nxd5 Bxb2+ 14. Kxb2 exd5 15. d4 Re8 16. Qd3 h6 17. Rhe1 Qf6 18. Re3 Rxe3 19. Qxe3 Qe6 20. Qxe6 fxe6 21. Ne5 Nxe5 22. dxe5 Rf8 23. f4 g5 24. hxg5 hxg5 25. c4 dxc4 26. Rd7 cxb3 27. axb3 gxf4 28. gxf4 Rf7 29. Rd8+ Rf8 30. Rd7 Rxf4 31. Rxc7 Rb4 32. Kc3 Rb5 33. Kc4 Rxe5 34. Rxb7 a5 35. Kd4 Rd5+ 36. Ke4 Kf8 37. Ra7 Ke8 38. Rb7 Kd8 39. Ra7 Rb5 40. Kd4 Rxb3 41. Rxa5 Ke7 42. Ke5 Re3+ 43. Kf4 Rh3 44. Kg4 Rb3 45. Kf4 Kf6 46. Ke4 Rb4+ 47. Ke3 e5 48. Rd5 Kf5 49. Rd8 Rb3+ 50. Kd2 Ke4 51. Re8 Rb2+ 52. Kc1 Rg2 53. Kd1 Kd4 54. Ke1 e4 55. Kf1 Rb2 56. Rd8+ Ke3 57. Re8 Ra2 58. Re7 Ra6 59. Re8 Rf6+ 60. Ke1 Kf3 61. Re7 Rb6 62. Rf7+ Ke3 63. Kd1 Rd6+ 64. Ke1 Ra6 65. Kd1 Ra1+ 66. Kc2 Ke2 67. Rh7 Rf1 68. Re7 e3 69. Kc3 Kf2 70. Rf7+ Ke1 71. Re7 e2 72. Kd3 Rf3+ 73. Kc2 Kf1 74. Kd2 Rf2 75. Kc1 e1=Q+ 76. Rxe1+ Kxe1 77. Kb1 Kd2 78. Kb2 Rf3 79. Kb1 Rb3+ 80. Ka2 Kc2 81. Ka1 Ra3# 0-1

[Event "Hampshire Open"]
[Site "Eastleigh"]
[Date "2007.11.03"]
[Round "3"]
[White "Dominguez, Didier"]
[Black "Anderson, Thomas R"]
[Result "1/2-1/2"]
[WhiteElo "1915"]
[BlackElo "1872"]
[PlyCount "36"]
[EventDate "2007.11.02"]
[EventType "swiss"]
[EventRounds "6"]
[EventCountry "ENG"]
[SourceTitle "BritBase"]
[Source "John Saunders"]
[SourceDate "2025.01.31"]
[SourceVersion "1"]
[SourceVersionDate "2025.01.31"]
[SourceQuality "1"]

1. e4 c5 2. Nf3 e6 3. d3 Bd6 4. g3 Ne7 5. Bg2 Nbc6 6. O-O Bc7 7. Re1 O-O 8. c3 d5 9. exd5 exd5 10. d4 c4 11. Nbd2 Bg4 12. h3 Bh5 13. Nf1 f6 14. b4 a6 15. a4 Qd7 16. Ne3 b5 17. g4 Bf7 18. Bd2 Rfe8 1/2-1/2

[Event "Hampshire Open"]
[Site "Eastleigh"]
[Date "2007.11.03"]
[Round "3"]
[White "Edney, Richard H"]
[Black "Hurn, Paul AT"]
[Result "0-1"]
[WhiteElo "1760"]
[BlackElo "1704"]
[PlyCount "66"]
[EventDate "2007.11.02"]
[EventType "swiss"]
[EventRounds "6"]
[EventCountry "ENG"]
[SourceTitle "BritBase"]
[Source "John Saunders"]
[SourceDate "2025.01.31"]
[SourceVersion "1"]
[SourceVersionDate "2025.01.31"]
[SourceQuality "1"]

1. d4 d5 2. Bg5 Nd7 3. e3 Ngf6 4. Nf3 e6 5. Be2 c5 6. O-O Be7 7. Nbd2 O-O 8. h3 c4 9. c3 b5 10. Qc2 Bb7 11. Bf4 Qb6 12. Ne5 Bd6 13. Nxd7 Nxd7 14. Bxd6 Qxd6 15. e4 e5 16. Bf3 exd4 17. cxd4 Qg6 18. Rac1 dxe4 19. Nxe4 Rfe8 20. Nf6+ Qxf6 21. Bxb7 Rad8 22. Rfe1 g6 23. Re4 Qb6 24. Rce1 Rxe4 25. Qxe4 Nf6 26. Qc6 Qxd4 27. Qxb5 Rb8 28. Qa6 Nd7 29. Qc6 Qxb2 30. Qxd7 Rxb7 31. Re8+ Kg7 32. Qd8 Qc1+ 33. Kh2 Qf4+ 0-1

[Event "Hampshire Open"]
[Site "Eastleigh"]
[Date "2007.11.03"]
[Round "3"]
[White "McMaster, Richard G"]
[Black "Kawuma, Steven Male"]
[Result "0-1"]
[WhiteElo "2043"]
[BlackElo "2163"]
[PlyCount "60"]
[EventDate "2007.11.02"]
[EventType "swiss"]
[EventRounds "6"]
[EventCountry "ENG"]
[SourceTitle "BritBase"]
[Source "John Saunders"]
[SourceDate "2025.01.31"]
[SourceVersion "1"]
[SourceVersionDate "2025.01.31"]
[SourceQuality "1"]

1. f4 c5 2. Nf3 d5 3. d3 d4 4. g3 Nc6 5. Bg2 g6 6. a4 Bg7 7. Nbd2 Nh6 8. Nc4 Nf5 9. Bd2 h5 10. O-O h4 11. Qe1 hxg3 12. hxg3 Qc7 13. c3 Bd7 14. e4 Nh6 15. Rb1 O-O-O 16. b4 dxc3 17. Bxc3 Bxc3 18. Qxc3 cxb4 19. Qb3 Be6 20. Rfc1 Kb8 21. Ng5 Bxc4 22. Qxc4 Qb6+ 23. Kf1 Ng4 24. Qc5 Qxc5 25. Rxc5 Rxd3 26. e5 Rd2 27. Bxc6 bxc6 28. Rxb4+ Kc7 29. Kg1 Rhh2 30. Nf3 Rd1+ 0-1

[Event "Hampshire Open"]
[Site "Eastleigh"]
[Date "2007.11.03"]
[Round "4"]
[White "Corkett, Anthony R"]
[Black "Gonem, Sherif"]
[Result "1-0"]
[WhiteElo "2312"]
[BlackElo "1680"]
[PlyCount "57"]
[EventDate "2007.11.02"]
[EventType "swiss"]
[EventRounds "6"]
[EventCountry "ENG"]
[SourceTitle "BritBase"]
[Source "John Saunders"]
[SourceDate "2025.01.31"]
[SourceVersion "1"]
[SourceVersionDate "2025.01.31"]
[SourceQuality "1"]

1. e4 c5 2. Nc3 Nc6 3. Bb5 d6 4. Bxc6+ bxc6 5. d3 g6 6. Nge2 Bg7 7. Be3 e6 8. Qd2 Ne7 9. Bh6 O-O 10. h4 Bxh6 11. Qxh6 Kh8 12. h5 Ng8 13. Qe3 e5 14. f4 Qe7 15. fxe5 Qxe5 16. d4 cxd4 17. Nxd4 Bd7 18. O-O-O Rfe8 19. Nf3 Qe7 20. Qd4+ Nf6 21. Qxd6 Rad8 22. hxg6 fxg6 23. Qxe7 Rxe7 24. e5 Ng4 25. Ne4 Nxe5 26. Nxe5 Rxe5 27. Nf6 Re7 28. Rd6 Rf7 29. Rhd1 1-0

[Event "Hampshire Open"]
[Site "Eastleigh"]
[Date "2007.11.03"]
[Round "4"]
[White "Matthew, Ian G"]
[Black "Davies, Edward G"]
[Result "0-1"]
[WhiteElo "1632"]
[BlackElo "1504"]
[PlyCount "28"]
[EventDate "2007.11.02"]
[EventType "swiss"]
[EventRounds "6"]
[EventCountry "ENG"]
[SourceTitle "BritBase"]
[Source "John Saunders"]
[SourceDate "2025.01.31"]
[SourceVersion "1"]
[SourceVersionDate "2025.01.31"]
[SourceQuality "1"]

1. e4 c6 2. d4 d5 3. Nc3 dxe4 4. Nxe4 Bf5 5. Ng3 Bg6 6. f4 e6 7. Nf3 Nd7 8. Bc4 Bd6 9. O-O Qc7 10. Ng5 h6 11. Nxf7 Bxf7 12. Nh5 Rh7 13. Qd3 Ngf6 14. Bxe6 Bxh5 0-1

[Event "Hampshire Open"]
[Site "Eastleigh"]
[Date "2007.11.03"]
[Round "4"]
[White "Tunks, Dominic R"]
[Black "McMaster, Richard G"]
[Result "1/2-1/2"]
[WhiteElo "1896"]
[BlackElo "2043"]
[PlyCount "89"]
[EventDate "2007.11.02"]
[EventType "swiss"]
[EventRounds "6"]
[EventCountry "ENG"]
[SourceTitle "BritBase"]
[Source "John Saunders"]
[SourceDate "2025.01.31"]
[SourceVersion "1"]
[SourceVersionDate "2025.01.31"]
[SourceQuality "1"]

1. e4 e5 2. Nf3 d6 3. Nc3 Nf6 4. d4 Nbd7 5. Be2 Be7 6. O-O O-O 7. Bg5 c6 8. a3 Re8 9. Qd2 b6 10. Rad1 Qc7 11. Nh4 Nf8 12. dxe5 dxe5 13. Nf5 Bxf5 14. exf5 Rad8 15. Qe3 Nd5 16. Nxd5 cxd5 17. Bb5 Bxg5 18. Qxg5 f6 19. Qg3 Re7 20. Qb3 Qc5 21. Rxd5 Rxd5 22. Bc4 Red7 23. Rd1 Kf7 24. Bxd5+ Ke7 25. c3 Rd6 26. Be4 Nd7 27. Rxd6 Qxd6 28. Qe6+ Qxe6 29. fxe6 Nf8 30. Kf1 Kxe6 31. Ke2 f5 32. Bc2 g5 33. b4 h5 34. a4 Ng6 35. g3 e4 36. Bb3+ Ke7 37. Ke3 Ne5 38. Bd1 h4 39. Be2 hxg3 40. fxg3 g4 41. Bf1 Kf6 42. h4 gxh3 43. Bxh3 Kg5 44. Kd4 Nf3+ 45. Ke3 1/2-1/2

[Event "Hampshire Open"]
[Site "Eastleigh"]
[Date "2007.11.03"]
[Round "4"]
[White "Wallman, Martin J"]
[Black "Dominguez, Didier"]
[Result "1/2-1/2"]
[WhiteElo "1744"]
[BlackElo "1915"]
[PlyCount "24"]
[EventDate "2007.11.02"]
[EventType "swiss"]
[EventRounds "6"]
[EventCountry "ENG"]
[SourceTitle "BritBase"]
[Source "John Saunders"]
[SourceDate "2025.01.31"]
[SourceVersion "1"]
[SourceVersionDate "2025.01.31"]
[SourceQuality "1"]

1. Nf3 Nf6 2. g3 g6 3. Bg2 Bg7 4. d3 d5 5. O-O O-O 6. Nc3 Nc6 7. e4 dxe4 8. dxe4 e5 9. Qxd8 Rxd8 10. Bg5 Be6 11. Rad1 Rxd1 12. Rxd1 Ne8 1/2-1/2

[Event "Hampshire Open"]
[Site "Eastleigh"]
[Date "2007.11.03"]
[Round "4"]
[White "Yeo, Michael J"]
[Black "Kawuma, Steven Male"]
[Result "1/2-1/2"]
[WhiteElo "2153"]
[BlackElo "2163"]
[PlyCount "69"]
[EventDate "2007.11.02"]
[EventType "swiss"]
[EventRounds "6"]
[EventCountry "ENG"]
[SourceTitle "BritBase"]
[Source "John Saunders"]
[SourceDate "2025.01.31"]
[SourceVersion "1"]
[SourceVersionDate "2025.01.31"]
[SourceQuality "1"]

1. e4 c5 2. Nf3 Nc6 3. d4 cxd4 4. Nxd4 Nf6 5. Nc3 e5 6. Ndb5 d6 7. Bg5 a6 8. Na3 b5 9. Bxf6 gxf6 10. Nd5 f5 11. Bd3 Be6 12. c3 Bg7 13. Nxb5 axb5 14. Bxb5 Bd7 15. exf5 O-O 16. O-O f6 17. Qg4 Kh8 18. Rfd1 Rb8 19. a4 Ne7 20. Bxd7 Qxd7 21. Nxe7 Qxe7 22. b4 Rfc8 23. Ra3 d5 24. Rxd5 Rxb4 25. cxb4 Qxb4 26. Qd1 Qxa3 27. Rd8+ Rxd8 28. Qxd8+ Qf8 29. Qb6 Qa3 30. g3 Kg8 31. Qe6+ Kf8 32. Qc8+ Kf7 33. Qe6+ Kf8 34. Qc8+ Kf7 35. Qe6+ 1/2-1/2

[Event "Hampshire Open"]
[Site "Eastleigh"]
[Date "2007.11.04"]
[Round "5"]
[White "Corkett, Anthony R"]
[Black "Williams, Peter Arthur"]
[Result "1-0"]
[WhiteElo "2312"]
[BlackElo "1816"]
[PlyCount "49"]
[EventDate "2007.11.02"]
[EventType "swiss"]
[EventRounds "6"]
[EventCountry "ENG"]
[SourceTitle "BritBase"]
[Source "John Saunders"]
[SourceDate "2025.01.31"]
[SourceVersion "1"]
[SourceVersionDate "2025.01.31"]
[SourceQuality "1"]

1. e4 e6 2. d4 d5 3. Nc3 Bb4 4. e5 c5 5. Nf3 Ne7 6. dxc5 Bxc3+ 7. bxc3 Qa5 8. Bd2 Qxc5 9. Bd3 Nbc6 10. O-O Ng6 11. Qe2 Bd7 12. Rab1 Na5 13. h4 Ne7 14. Nd4 a6 15. Nb3 Nxb3 16. cxb3 Nc6 17. Rfe1 h6 18. Rbc1 Ke7 19. Be3 Qa5 20. b4 Qc7 21. Bc5+ Ke8 22. h5 b5 23. Qg4 g5 24. hxg6 Nxe5 25. Qf4 1-0

[Event "Hampshire Open"]
[Site "Eastleigh"]
[Date "2007.11.04"]
[Round "5"]
[White "Hurn, Paul AT"]
[Black "Tunks, Dominic R"]
[Result "0-1"]
[WhiteElo "1704"]
[BlackElo "1896"]
[PlyCount "66"]
[EventDate "2007.11.02"]
[EventType "swiss"]
[EventRounds "6"]
[EventCountry "ENG"]
[SourceTitle "BritBase"]
[Source "John Saunders"]
[SourceDate "2025.01.31"]
[SourceVersion "1"]
[SourceVersionDate "2025.01.31"]
[SourceQuality "1"]

1. e4 c5 2. Nc3 e6 3. f4 Qc7 4. Nf3 a6 5. Be2 Nc6 6. d3 b6 7. O-O d6 8. f5 e5 9. Ng5 Nf6 10. Bh5 Nd8 11. Nd5 Nxd5 12. exd5 Bb7 13. Ne6 Qc8 14. Bg5 Bxd5 15. Bxd8 Bxe6 16. fxe6 Kxd8 17. Bxf7 Ra7 18. Qg4 Re7 19. Kh1 Kc7 20. b4 Kb8 21. bxc5 Qxc5 22. Rab1 Ka7 23. Rb2 Qc8 24. Qb4 Rb7 25. Rfb1 Be7 26. a4 d5 27. Qe1 Qc6 28. a5 Rhb8 29. Qxe5 Bf6 30. Rxb6 Bxe5 31. Re1 Rxb6 32. axb6+ Qxb6 33. g3 Qf2 0-1

[Event "Hampshire Open"]
[Site "Eastleigh"]
[Date "2007.11.04"]
[Round "5"]
[White "Lock, Gavin R"]
[Black "Yeo, Michael J"]
[Result "1/2-1/2"]
[WhiteElo "2215"]
[BlackElo "2153"]
[PlyCount "108"]
[EventDate "2007.11.02"]
[EventType "swiss"]
[EventRounds "6"]
[EventCountry "ENG"]
[SourceTitle "BritBase"]
[Source "John Saunders"]
[SourceDate "2025.01.31"]
[SourceVersion "1"]
[SourceVersionDate "2025.01.31"]
[SourceQuality "1"]

1. d4 d5 2. Nf3 Nc6 3. c4 Bg4 4. Nc3 e6 5. Bf4 Bb4 6. e3 Nf6 7. Rc1 O-O 8. h3 Bh5 9. a3 Bxc3+ 10. Rxc3 Ne4 11. Rc1 Re8 12. cxd5 Qxd5 13. Be2 Qa5+ 14. Kf1 Rad8 15. Qe1 Bxf3 16. gxf3 Nd2+ 17. Kg2 e5 18. Rc5 Nxf3 19. Bxf3 Qxe1 20. Rxe1 exf4 21. Bxc6 bxc6 22. Rxc6 Rd7 23. Kf3 fxe3 24. Rxe3 Rb8 25. b4 Kf8 26. Ra6 Rb7 27. Ke4 Ke8 28. Rg3 f6 29. Rc3 Kd8 30. Rc5 Kc8 31. Re6 Rb6 32. d5 Kd8 33. f4 Rbd6 34. f5 g6 35. Rxd6 Rxd6 36. Ra5 a6 37. h4 Kd7 38. a4 Rb6 39. b5 axb5 40. axb5 Kd6 41. Ra6 gxf5+ 42. Kxf5 Kxd5 43. Rxb6 cxb6 44. h5 Kc5 45. h6 Kxb5 46. Kxf6 Kc4 47. Kg7 b5 48. Kxh7 b4 49. Kg7 b3 50. h7 b2 51. h8=Q b1=Q 52. Qc8+ Kb3 53. Qb7+ Kc2 54. Qxb1+ Kxb1 1/2-1/2

[Event "Hampshire Open"]
[Site "Eastleigh"]
[Date "2007.11.04"]
[Round "5"]
[White "Dominguez, Didier"]
[Black "Edney, Richard H"]
[Result "1/2-1/2"]
[WhiteElo "1915"]
[BlackElo "1760"]
[PlyCount "41"]
[EventDate "2007.11.02"]
[EventType "swiss"]
[EventRounds "6"]
[EventCountry "ENG"]
[SourceTitle "BritBase"]
[Source "John Saunders"]
[SourceDate "2025.01.31"]
[SourceVersion "1"]
[SourceVersionDate "2025.01.31"]
[SourceQuality "1"]

1. e4 c5 2. Nf3 d6 3. d3 Nc6 4. g3 g6 5. Bg2 Bg7 6. O-O e5 7. c3 Nge7 8. Nbd2 O-O 9. Re1 h6 10. Nf1 Be6 11. Be3 Qd7 12. Qc2 f5 13. Rad1 f4 14. Bc1 fxg3 15. fxg3 Bg4 16. N1d2 Rf7 17. Re2 Raf8 18. Rf1 Kh7 19. Ref2 Ng8 20. Nb3 Nf6 21. Ne1 1/2-1/2

[Event "Hampshire Open"]
[Site "Eastleigh"]
[Date "2007.11.04"]
[Round "5"]
[White "Anderson, Thomas R"]
[Black "Moore, Gillian A"]
[Result "1-0"]
[WhiteElo "1872"]
[BlackElo "1648"]
[PlyCount "117"]
[EventDate "2007.11.02"]
[EventType "swiss"]
[EventRounds "6"]
[EventCountry "ENG"]
[SourceTitle "BritBase"]
[Source "John Saunders"]
[SourceDate "2025.01.31"]
[SourceVersion "1"]
[SourceVersionDate "2025.01.31"]
[SourceQuality "1"]

1. d4 d5 2. Nf3 Nf6 3. c4 e6 4. Bg5 Be7 5. e3 O-O 6. Nc3 Ne4 7. Bxe7 Qxe7 8. Rc1 Nxc3 9. Rxc3 dxc4 10. Bxc4 b6 11. O-O Bb7 12. Qe2 a5 13. Rfc1 Ba6 14. Ne5 Bxc4 15. Rxc4 Na6 16. Nc6 Qg5 17. a3 b5 18. R4c2 b4 19. axb4 a4 20. b5 Nb8 21. Nxb8 Raxb8 22. Rc5 Qg6 23. Rxc7 h5 24. R7c5 h4 25. h3 Rb6 26. Qc2 Qxc2 27. R1xc2 Kh7 28. R2c4 Ra8 29. d5 exd5 30. Rxh4+ Kg8 31. Rxd5 g6 32. Rc4 Ra5 33. Rb4 Kg7 34. Rc5 Rb8 35. Kf1 Kf8 36. Ke2 Rb6 37. Kd3 Ra8 38. Rc6 Rb7 39. b6 a3 40. bxa3 Rxa3+ 41. Kc4 Ra2 42. Kb5 Kg7 43. Ra4 Rxf2 44. Ka6 Re7 45. b7 Re8 46. Rc8 Re6+ 47. Ka7 Re7 48. Ka8 Rxb7 49. Kxb7 Rxg2 50. h4 Rb2+ 51. Kc6 Rb3 52. Re8 Rd3 53. Rf4 Rc3+ 54. Kd6 Rd3+ 55. Rd4 Ra3 56. Kd5 Ra5+ 57. Ke4 Rh5 58. Kf3 Rf5+ 59. Rf4 1-0

[Event "Hampshire Open"]
[Site "Eastleigh"]
[Date "2007.11.04"]
[Round "5"]
[White "Davies, Edward G"]
[Black "Coburn, Joseph A"]
[Result "1-0"]
[WhiteElo "1504"]
[BlackElo "1712"]
[PlyCount "89"]
[EventDate "2007.11.02"]
[EventType "swiss"]
[EventRounds "6"]
[EventCountry "ENG"]
[SourceTitle "BritBase"]
[Source "John Saunders"]
[SourceDate "2025.01.31"]
[SourceVersion "1"]
[SourceVersionDate "2025.01.31"]
[SourceQuality "1"]

1. e4 c5 2. Nc3 Nc6 3. g3 d6 4. Bg2 Nf6 5. Nge2 g6 6. d3 Bg7 7. h3 a6 8. Be3 Bd7 9. O-O b5 10. Qd2 h5 11. f4 e5 12. fxe5 Nxe5 13. Bg5 Be6 14. Qf4 Ned7 15. Qxd6 Qb8 16. Qxb8+ Rxb8 17. Nf4 Nh7 18. Nxe6 fxe6 19. Bf4 Bd4+ 20. Kh2 e5 21. Bd2 Nhf6 22. Rae1 b4 23. Nd1 Ng4+ 24. Kh1 h4 25. c3 bxc3 26. bxc3 hxg3 27. cxd4 cxd4 28. Rf3 Rb1 29. Rxg3 Rxd1 30. Rxg4 Rxd2 31. Rxg6 Rxa2 32. Rc1 Kf7 33. Rg5 Rg8 34. Rf1+ Nf6 35. Rxg8 Kxg8 36. Rxf6 a5 37. h4 a4 38. Bh3 Ra1+ 39. Kg2 Rd1 40. Be6+ Kg7 41. Rf3 a3 42. Bc4 Rd2+ 43. Kg3 a2 44. Rf7+ Kg6 45. Ra7 1-0

[Event "Hampshire Open"]
[Site "Eastleigh"]
[Date "2007.11.04"]
[Round "5"]
[White "Kawuma, Steven Male"]
[Black "Cordner, David A"]
[Result "1-0"]
[WhiteElo "2163"]
[BlackElo "2040"]
[PlyCount "61"]
[EventDate "2007.11.02"]
[EventType "swiss"]
[EventRounds "6"]
[EventCountry "ENG"]
[SourceTitle "BritBase"]
[Source "John Saunders"]
[SourceDate "2025.01.31"]
[SourceVersion "1"]
[SourceVersionDate "2025.01.31"]
[SourceQuality "1"]

1. e4 e5 2. Nf3 Nc6 3. Bb5 a6 4. Ba4 Nf6 5. d3 Bc5 6. O-O d6 7. Be3 Bxe3 8. fxe3 O-O 9. Qe1 Ne7 10. Nc3 c6 11. Bb3 Ng6 12. Nh4 Nxh4 13. Qxh4 Be6 14. Rad1 Bxb3 15. axb3 Nd7 16. Qh3 Qe7 17. g4 Rad8 18. Ne2 Qe6 19. Qh4 f6 20. Ng3 g6 21. Kg2 Rde8 22. Rf2 Rf7 23. Rdf1 Ree7 24. h3 Kg7 25. Nf5+ Kf8 26. Nxe7 Kxe7 27. g5 Kd8 28. gxf6 Kc7 29. Qg4 Qe8 30. b4 Qf8 31. Qe6 1-0

[Event "Hampshire Open"]
[Site "Eastleigh"]
[Date "2007.11.04"]
[Round "5"]
[White "Wallman, Martin J"]
[Black "Allen, Leslie C"]
[Result "1/2-1/2"]
[WhiteElo "1744"]
[BlackElo "1632"]
[PlyCount "79"]
[EventDate "2007.11.02"]
[EventType "swiss"]
[EventRounds "6"]
[EventCountry "ENG"]
[SourceTitle "BritBase"]
[Source "John Saunders"]
[SourceDate "2025.01.31"]
[SourceVersion "1"]
[SourceVersionDate "2025.01.31"]
[SourceQuality "1"]

1. Nf3 Nf6 2. g3 d6 3. Bg2 c6 4. d3 e5 5. O-O Bg4 6. h3 Bh5 7. Nc3 Be7 8. e4 O-O 9. g4 Bg6 10. Nh2 h5 11. g5 Nh7 12. h4 f6 13. f4 exf4 14. Bf3 fxg5 15. hxg5 Qe8 16. Ne2 Bxg5 17. Bg2 Nd7 18. Bxf4 Qe7 19. Qd2 Bxf4 20. Rxf4 Nhf6 21. Raf1 Ne5 22. Bh3 d5 23. exd5 cxd5 24. Ng3 Nh7 25. Re1 Qd6 26. Qe3 Ng4 27. Rxf8+ Nxf8 28. Nxg4 hxg4 29. Bxg4 Re8 30. Qf2 Rxe1+ 31. Qxe1 Qc5+ 32. Qf2 Qb4 33. Bf3 Bf7 34. b3 b5 35. Nf5 Ng6 36. Qg3 Qf8 37. Qg2 Qe8 38. d4 Qe6 39. Bg4 Qe1+ 40. Qf1 1/2-1/2

[Event "Hampshire Open"]
[Site "Eastleigh"]
[Date "2007.11.04"]
[Round "6"]
[White "Tunks, Dominic R"]
[Black "Cordner, David A"]
[Result "1-0"]
[WhiteElo "1896"]
[BlackElo "2040"]
[PlyCount "105"]
[EventDate "2007.11.02"]
[EventType "swiss"]
[EventRounds "6"]
[EventCountry "ENG"]
[SourceTitle "BritBase"]
[Source "John Saunders"]
[SourceDate "2025.01.31"]
[SourceVersion "1"]
[SourceVersionDate "2025.01.31"]
[SourceQuality "1"]

1. e4 e5 2. Nf3 Nc6 3. Bb5 a6 4. Ba4 Nf6 5. d3 Bc5 6. c3 O-O 7. Bxc6 bxc6 8. Nxe5 d5 9. O-O dxe4 10. d4 Bd6 11. Bg5 Bxe5 12. dxe5 Qxd1 13. Rxd1 Nd5 14. c4 f6 15. exf6 Nxf6 16. Nc3 Bf5 17. h3 Rae8 18. Re1 Nd7 19. Re2 h6 20. Be3 Ne5 21. Bc5 Rf6 22. Bd4 Rfe6 23. Bxe5 Rxe5 24. Rae1 Kf7 25. g4 Bh7 26. f4 R5e7 27. Kf2 h5 28. f5 hxg4 29. hxg4 e3+ 30. Rxe3 Rxe3 31. Rxe3 Rd8 32. Ne4 Kf8 33. Nc5 Bg8 34. b3 a5 35. Ke2 Rd4 36. Re4 Rd6 37. g5 Bf7 38. g6 Bg8 39. Ke3 Rd1 40. Rd4 Re1+ 41. Kf4 Rf1+ 42. Ke5 Re1+ 43. Re4 Rf1 44. Kd4 Rd1+ 45. Kc3 Rd6 46. a4 Rd1 47. Rd4 Re1 48. Rd8+ Re8 49. Rxe8+ Kxe8 50. Kd4 Ke7 51. Ke5 Kf8 52. Nb7 Ke7 53. Nxa5 1-0

[Event "Hampshire Open"]
[Site "Eastleigh"]
[Date "2007.11.04"]
[Round "6"]
[White "Coburn, Joseph A"]
[Black "Dominguez, Didier"]
[Result "1-0"]
[WhiteElo "1712"]
[BlackElo "1915"]
[PlyCount "65"]
[EventDate "2007.11.02"]
[EventType "swiss"]
[EventRounds "6"]
[EventCountry "ENG"]
[SourceTitle "BritBase"]
[Source "John Saunders"]
[SourceDate "2025.01.31"]
[SourceVersion "1"]
[SourceVersionDate "2025.01.31"]
[SourceQuality "1"]

1. d4 Nf6 2. Nf3 g6 3. Nc3 Bg7 4. e4 d6 5. Bc4 O-O 6. e5 Ne8 7. Bg5 h6 8. Bh4 Nc6 9. O-O Bg4 10. Qd3 Bxf3 11. gxf3 g5 12. Bg3 dxe5 13. Qe4 Nd6 14. Qd3 exd4 15. Ne4 Nxc4 16. Qxc4 Ne5 17. Bxe5 Bxe5 18. h4 e6 19. hxg5 hxg5 20. Kg2 Qe7 21. Rh1 f5 22. Nc5 Rf6 23. Rae1 Bd6 24. Nxe6 Qf7 25. Qxd4 g4 26. f4 b6 27. Ng5 Qf8 28. Qd5+ Kg7 29. Ne6+ Rxe6 30. Qxe6 Qf6 31. Rh7+ Kxh7 32. Qxf6 Rf8 33. Rh1+ 1-0

[Event "Hampshire Open"]
[Site "Eastleigh"]
[Date "2007.11.04"]
[Round "6"]
[White "Deacon, David J"]
[Black "Davies, Edward G"]
[Result "1/2-1/2"]
[WhiteElo "1552"]
[BlackElo "1504"]
[PlyCount "59"]
[EventDate "2007.11.02"]
[EventType "swiss"]
[EventRounds "6"]
[EventCountry "ENG"]
[SourceTitle "BritBase"]
[Source "John Saunders"]
[SourceDate "2025.01.31"]
[SourceVersion "1"]
[SourceVersionDate "2025.01.31"]
[SourceQuality "1"]

1. c4 Nf6 2. g3 g6 3. Nc3 Bg7 4. Bg2 d6 5. e4 c6 6. Nge2 Na6 7. O-O Bd7 8. Rb1 O-O 9. h3 Qc8 10. Kh2 Nc7 11. d3 Rb8 12. Be3 b6 13. Qd2 Re8 14. Rfc1 h5 15. d4 Nh7 16. b4 a6 17. Rd1 b5 18. c5 dxc5 19. dxc5 Rd8 20. Qc1 e5 21. Rb2 Be6 22. Rbd2 Rxd2 23. Qxd2 Bf8 24. Nc1 Be7 25. Nd3 Qe8 26. Nxe5 Rd8 27. Qc2 Nf8 28. Rxd8 Bxd8 29. Nf3 Bc4 30. Nd2 1/2-1/2

[Event "Hampshire Open"]
[Site "Eastleigh"]
[Date "2007.11.04"]
[Round "6"]
[White "Edney, Richard H"]
[Black "Moore, Gillian A"]
[Result "1/2-1/2"]
[WhiteElo "1760"]
[BlackElo "1648"]
[PlyCount "82"]
[EventDate "2007.11.02"]
[EventType "swiss"]
[EventRounds "6"]
[EventCountry "ENG"]
[SourceTitle "BritBase"]
[Source "John Saunders"]
[SourceDate "2025.01.31"]
[SourceVersion "1"]
[SourceVersionDate "2025.01.31"]
[SourceQuality "1"]

1. d4 d5 2. Bg5 h6 3. Bh4 Bf5 4. e3 c6 5. Bd3 Bxd3 6. Qxd3 Nd7 7. Nf3 Ngf6 8. O-O e6 9. c4 Be7 10. Nc3 O-O 11. c5 e5 12. Nxe5 Nxe5 13. dxe5 Nd7 14. Bxe7 Qxe7 15. b4 Nxe5 16. Qd4 f5 17. Ne2 Rae8 18. Kh1 g5 19. Rad1 Rf6 20. Nc3 Re6 21. a4 Nd7 22. Kg1 Rf8 23. g3 Ne5 24. Kh1 Nf3 25. Qd3 g4 26. Ne2 Re4 27. Qb3 Rc4 28. Qb1 Qe4 29. Qxe4 fxe4 30. b5 Rxa4 31. bxc6 bxc6 32. Ra1 Rxa1 33. Rxa1 Rf7 34. Ra6 Ne5 35. Nf4 Nd3 36. Rxc6 Nxf2+ 37. Kg1 Nd3 38. Nxd5 Kg7 39. Nf4 Ne5 40. Ra6 Kh7 41. Re6 Nf3+ 1/2-1/2